000 01240cam a22003255i 4500
001 16882929
003 EG-ScBUE
005 20260311102429.0
008 110721s2011 enka f bd 001 0 eng d
020 _a9780123855466 (pbk.)
040 _aEG-ScBUE
_beng
_erda
_cEG-ScBUE
_dEG-ScBUE
082 0 4 _a553.28
_222
_bAAD
100 1 _aAadnøy, Bernt Sigve,
_939411
_eauthor.
245 1 0 _aPetroleum rock mechanics :
_bdrilling operations and well design /
_cBernt S. Aadnøy, Department of Petroleum Engineering, University of Stavanger, Stavanger, Norway, & Reza Looyeh, Chevron Limited, Pembroke Refinery, Pembroke, UK.
250 _aFirst edition.
264 1 _aOxford :
_bGulf Professional Publishing / Elsevier,
_c2011.
300 _axxvi, 350 pages :
_billustrations ;
_c23 cm
336 _2rdacontent
_atext
_btxt
337 _aunmediated
_2rdamedia
_bn
338 _avolume
_bnc
_2rdacarrier
500 _aIncludes glossary.
500 _aIncludes Appendices.
504 _aIncludes bibliographical references and index.
650 7 _aPetroleum
_xGeology.
_2BUEsh
_92225
650 0 _aRock mechanics.
_2BUEsh
653 _bBUSECO
_cFebruary2016
655 _vReading book
700 1 _aLooyeh, Reza,
_eauthor.
942 _2ddc
_cBB
999 _c21210
_d21182